Материалы по изучению русских почв. Вып. 14 (41) (Запись № 13451111)

Подробности
000 -МАРКЕР
контрольное поле 02057nam2a2200301 4500
001 - ИДЕНТИФИКАТОР ЗАПИСИ
контрольное поле RU\NLR\BIBL_A\022580043
005 - ИДЕНТИФИКАТОР ВЕРСИИ
контрольное поле 20260408223947.0
035 ## - ДРУГИЕ СИСТЕМНЫЕ НОМЕРА
Идентификатор записи (NLR Aleph) 022580043
100 ## - ДАННЫЕ ОБЩЕЙ ОБРАБОТКИ
Данные общей обработки 20250704d2024 |||y0rusy50 ca
101 0# - ЯЗЫК РЕСУРСА
Язык текста, звукозаписи и т.д. русский
102 ## - СТРАНА ПУБЛИКАЦИИ ИЛИ ПРОИЗВОДСТВА
Страна публикации Российская Федерация
200 0# - ЗАГЛАВИЕ И СВЕДЕНИЯ ОБ ОТВЕТСТВЕННОСТИ
Основное заглавие Вып. 14 (41)
Сведения, относящиеся к заглавию [доклады участников XXIV Докучаевских молодежных чтений "Почвоведение в цифровом обществе" (2021 год, город Санкт-Петербург) и XXV Докучаевских молодежных чтений "Почва - жизнь" (2022 год, город Санкт-Петербург)]
210 ## - ПУБЛИКАЦИЯ, РАСПРОСТРАНЕНИЕ И ДР.
Дата издания, распространения и т.д. 2024
461 #0 - УРОВЕНЬ НАБОРА
Встроенное поле 001RU\NLR\INFOCOMM17\1000408909
-- 2001#$aМатериалы по изучению русских почв$fПрезидент. федерал. целевая прогр. "Интеграция" и др.$vВып. 14 (41)
Системный номер (АБИС) связанной записи 3052492
Место публикации СПб.
Дата публикации 1999 -
Первые сведения об ответственности Президент. федерал. целевая прогр. "Интеграция" и др.
Имя издателя, распространителя и т.д. Изд-во СПбГУ
Заглавие Материалы по изучению русских почв
ISSN 1561-1124
Номер тома Вып. 14 (41)
601 02 - НАИМЕНОВАНИЕ ОРГАНИЗАЦИИ КАК ПРЕДМЕТ
Начальный элемент ввода Центральный музей почвоведения им. В. В. Докучаева
Идентифицирующий признак Санкт-Петербург
Системный номер авторитетной/нормативной записи 2671398
Идентификатор авторитетной/нормативной записи RU\NLR\AUTH\6601757747
606 ## - НАИМЕНОВАНИЕ ТЕМЫ КАК ПРЕДМЕТ
Наименование темы Почвоведение
Тематический подзаголовок Цифровые технологии
Системный номер авторитетной/нормативной записи 2671400
Идентификатор авторитетной/нормативной записи RU\NLR\AUTH\6601757749
606 ## - НАИМЕНОВАНИЕ ТЕМЫ КАК ПРЕДМЕТ
Наименование темы Почвы
Тематический подзаголовок Исследование
Географический подзаголовок Российская Федерация
Системный номер авторитетной/нормативной записи 2671402
Идентификатор авторитетной/нормативной записи RU\NLR\AUTH\6601757751
686 1# - ИНДЕКСЫ ДРУГИХ КЛАССИФИКАЦИЙ
Индекс П03л611
686 1# - ИНДЕКСЫ ДРУГИХ КЛАССИФИКАЦИЙ
Индекс П03с51
686 1# - ИНДЕКСЫ ДРУГИХ КЛАССИФИКАЦИЙ
Индекс П03(2Р)
711 12 - НАИМЕНОВАНИЕ ОРГАНИЗАЦИИ - АЛЬТЕРНАТИВНАЯ ОТВЕТСТВЕННОСТЬ
Начальный элемент ввода Докучаевские молодежные чтения
Порядковый номер временной организации и / или порядковый номер ее части 24
Место проведения временной организации Санкт-Петербург
Дата проведения временной организации 2021
Системный номер авторитетной/нормативной записи 811100
Идентификатор авторитетной/нормативной записи RU\NLR\AUTH\880572402
711 12 - НАИМЕНОВАНИЕ ОРГАНИЗАЦИИ - АЛЬТЕРНАТИВНАЯ ОТВЕТСТВЕННОСТЬ
Начальный элемент ввода Докучаевские молодежные чтения
Порядковый номер временной организации и / или порядковый номер ее части 25
Место проведения временной организации Санкт-Петербург
Дата проведения временной организации 2022
Системный номер авторитетной/нормативной записи 808891
Идентификатор авторитетной/нормативной записи RU\NLR\AUTH\880571314
852 ## - МЕСТОНАХОЖДЕНИЕ И ШИФР ХРАНЕНИЯ
Идентификатор организации NLR
Шифр хранения (Call Number) П14/985
942 ## - ДОПОЛНИТЕЛЬНЫЕ ЭЛЕМЕНТЫ ЗАПИСИ (АБИС)
Тип экземпляра АБИС Выпуск
980 ## - КОЛЛЕКЦИЯ
Название коллекции Национальная библиография
980 ## - КОЛЛЕКЦИЯ
Название коллекции Русская периодика

Нет доступных экземпляров.